University Home | Library Home | Institutional Repository

Exploring ways in which refugees use their human agency in refugee camps (Record no. 24011)

MARC details
000 -LEADER
fixed length control field 00474cam a2200145 4500
008 - FIXED-LENGTH DATA ELEMENTS--GENERAL INFORMATION
fixed length control field 140902n 000 0 eng u
035 ## - SYSTEM CONTROL NUMBER
System control number (Sirsi) a184759
050 ## - LIBRARY OF CONGRESS CALL NUMBER
Classification number HUM 2014.09
100 ## - MAIN ENTRY--PERSONAL NAME
Personal name Christensen, C.
245 ## - TITLE STATEMENT
Title Exploring ways in which refugees use their human agency in refugee camps
260 ## - PUBLICATION, DISTRIBUTION, ETC.
Place of publication, distribution, etc. cairo: American university, 2006
300 ## - PHYSICAL DESCRIPTION
Extent 20p
500 ## - GENERAL NOTE
General note its a research paper for 'special issues in forced migration'
504 ## - BIBLIOGRAPHY, ETC. NOTE
Bibliography, etc. note includes bibliography

No items available.

© 2026 - The University of Zambia Library - Koha v25.11